Discographie Jeune Lion - Statistiques

Statistiques générales
  • Ce quiz a été pris 15 fois
    11 depuis la dernière actualisation
  • Le résultat moyen est 12 sur 45
Statistiques - réponses
Hint Réponse % Correct
BEFORE BABYLONE BURNT 222
86%
S/O DIEU BABYLONE BRÛLE
86%
BEFORE BABYLONE BURNT QABBALA
86%
HIGHLY SPIRITUAL SOUL
86%
HIGHLY SPIRITUAL INTRO MYSTIC (DIEU)
57%
HIGHLY SPIRITUAL DISPENSARY
43%
S/O DIEU LION LE TSUNAMI
43%
RULE MI HEART ROZIN
43%
BEFORE BABYLONE BURNT 43e BIMA
29%
BEFORE BABYLONE BURNT BIRDMAN
29%
BEFORE BABYLONE BURNT DEAR NYAMIEN
29%
RULE MI HEART GINGER JUICE
29%
S/O DIEU HOOD
29%
RULE MI HEART JEUNE ROI
29%
Singles J U D A
29%
Singles LION WEST
29%
S/O DIEU LORD IS MY GLOCK
29%
S/O DIEU LUMUMBA
29%
S/O DIEU MOLLY DOLLY
29%
RULE MI HEART NATTY
29%
BEFORE BABYLONE BURNT NYAMIEN JAHOVIA
29%
S/O DIEU PAS RÂ
29%
HIGHLY SPIRITUAL PETER TOSH
29%
Feat. Booska-P PRESIDENT LARA
29%
HIGHLY SPIRITUAL RICH
29%
BEFORE BABYLONE BURNT AC MILAN
14%
BEFORE BABYLONE BURNT ARGENT DIAMANT OR
14%
RULE MI HEART HOUDINI
14%
RULE MI HEART JESUS FILS
14%
HIGHLY SPIRITUAL KONGO
14%
HIGHLY SPIRITUAL LION NOUVELLE VAGUE
14%
S/O DIEU MALL
14%
RULE MI HEART ODD
14%
HIGHLY SPIRITUAL ROUGE LIBANAIS
14%
Feat. Shotto Guapo Supa Mama
14%
Singles TAKORADI
14%
HIGHLY SPIRITUAL 23
0%
S/O DIEU BIG MISSION
0%
Feat. 75ERA, 63OG Championship
0%
RULE MI HEART COOL DOWN THE PACE
0%
RULE MI HEART DERNIER LIVRE CHAPITRE 17
0%
Feat. Nxwton JAHSOLDJA
0%
BEFORE BABYLONE BURNT MAUDIT BABYLONIEN
0%
Feat.Daayvx No Mercy
0%
BEFORE BABYLONE BURNT TAKORADI PT2
0%
Aucun quiz correspondant
Distribution des résultats
% des personnes avec chaque résultat
Percentile par nombre de réponses
Votre historique - résultats
Vous n’avez pas pris ce quiz depuis la dernière actualisation